Die größten Städte in Ecuador - Statistiken

Allgemein
  • Dieses Quiz wurde 5 mal gespielt
  • Das Durchschnittsergebnis liegt bei 2 aus 9
Antwortstatistiken
Stadt Einwohnerzahl % Korrekt
Quito 1.763.275
100%
Guayaquil 2.560.288
50%
Cuenca 361.524
25%
Durán 295.211
0%
Loja 203.496
0%
Machala 288.072
0%
Manta 258.697
0%
Portoviejo 244.129
0%
Santo Domingo 334.826
0%
Keine übereinstimmenden Quizze gefunden
Verteilung der Resultate
Anzahl Personen mit jedem Resultat
Perzentil nach korrekt beantworteten Fragen
Ihre Resultats-Entwicklung
Sie haben dieses Quiz noch nicht gespielt